Análisis de los resultados de la encuesta de turismo a hogares 2003 / (Registro nro. 12505)

Detalles MARC
000 -LEADER
fixed length control field 01332nam a2200253Ia 4500
003 - CONTROL NUMBER IDENTIFIER
control field OSt
005 - DATE AND TIME OF LATEST TRANSACTION
control field 20210923095649.0
008 - FIXED-LENGTH DATA ELEMENTS--GENERAL INFORMATION
fixed length control field 210310s2007 ck ad gr 000 0 spa d
020 ## - INTERNATIONAL STANDARD BOOK NUMBER
International Standard Book Number 9789586240703
040 ## - CATALOGING SOURCE
Original cataloging agency CO-JMCR
Transcribing agency CO-JMCR
041 0# - LANGUAGE CODE
Language code of text/sound track or separate title spa
082 04 - DEWEY DECIMAL CLASSIFICATION NUMBER
Classification number 338.479104 /
Item number D419a
Edition number 23
110 2# - MAIN ENTRY--CORPORATE NAME
Corporate name or jurisdiction name as entry element Colombia.
Subordinate unit Departamento Administrativo Nacional de Estadística
Relator term autor
9 (RLIN) 38112
245 10 - TITLE STATEMENT
Title Análisis de los resultados de la encuesta de turismo a hogares 2003 /
Statement of responsibility, etc. Departamento Administrativo Nacional de Estadística, Ministerio de Comercio Industria y Turismo
260 ## - PUBLICATION, DISTRIBUTION, ETC.
Place of publication, distribution, etc. Bogotá :
Name of publisher, distributor, etc. Departamento Nacional de Estadística,
Date of publication, distribution, etc. 2007.
300 ## - PHYSICAL DESCRIPTION
Extent 233 páginas :
Other physical details ilustraciones y gráficas a color ;
Dimensions 27 cm.
504 ## - BIBLIOGRAPHY, ETC. NOTE
Bibliography, etc. note Bibliografía : páginas 135-136.
505 0# - FORMATTED CONTENTS NOTE
Formatted contents note Aspectos metodológicos. -- Contexto general del turismo en el momento de la encuesta. -- Análisis e interpretación de los resultados de la encuesta de turismo a hogares. -- Determinantes de la demanda de turismo. -- Recomendaciones para el fortalecimiento del sistema de información del sector turismo.
650 14 - SUBJECT ADDED ENTRY--TOPICAL TERM
Topical term or geographic name entry element Demanda de turismo.
9 (RLIN) 40738
650 24 - SUBJECT ADDED ENTRY--TOPICAL TERM
Topical term or geographic name entry element Sector turismo.
9 (RLIN) 40739
650 24 - SUBJECT ADDED ENTRY--TOPICAL TERM
Topical term or geographic name entry element Aspectos metodológicos
Form subdivision Sector turismo
9 (RLIN) 40740
710 2# - ADDED ENTRY--CORPORATE NAME
Corporate name or jurisdiction name as entry element Ministerio de Comercio Industria y Turismo
Relator term autor
9 (RLIN) 40741
942 ## - ADDED ENTRY ELEMENTS (KOHA)
Source of classification or shelving scheme Dewey Decimal Classification
Koha item type Books
Existencias
Withdrawn status Lost status Source of classification or shelving scheme Damaged status Not for loan Home library Current library Shelving location Date acquired Source of acquisition Full call number Barcode Date last seen Copy number Price effective from Koha item type
    Dewey Decimal Classification     Biblioteca Pública José María del Castillo y Rada Biblioteca Pública José María del Castillo y Rada General Stacks 04/15/2018 Donación 338.479104 / D419a 430005503 05/16/2024 Ej.1 03/10/2021 Books